La Perspectiva intercultural como lógica de construcción del sujeto, estrategia de discernimiento y democratización en el contexto de los fundamentalismos /
שמור ב:
| מחבר ראשי: | |
|---|---|
| פורמט: | Texto |
| נושאים: | |
| תגים: |
הוספת תג
אין תגיות, היה/י הראשונ/ה לתייג את הרשומה!
|
MARC
| LEADER | 00000 a a2200000 04500 | ||
|---|---|---|---|
| 001 | 11776 | ||
| 003 | |||
| 040 | |||
| 100 | |a Acosta, Yamandú | ||
| 245 | |a La Perspectiva intercultural como lógica de construcción del sujeto, estrategia de discernimiento y democratización en el contexto de los fundamentalismos / |c Yamandú Acosta | ||
| 650 | |a GLOBALIZACION | ||
| 650 | |a COMUNISMO | ||
| 650 | |a INTEGRISMO | ||
| 650 | |a TERRORISMO | ||
| 650 | |a MODERNIZACION | ||
| 650 | |a PLURALISMO CULTURAL | ||
| 773 | |g número 104; páginas 13-23 | ||
| 999 | |c 31779 |d 31779 | ||
| 773 | 0 | |0 41641 |9 2475 |a Departamento Ecuménico de Investigaciones (DEI) |d San José, Costa Rica Departamento Ecuménico de Investigaciones (DEI) |o 20183 |t Pasos / | |
